LEADER 01225nam a2200277 u 4500 001 000000088936 003 CaOOAMICUS 005 20070226124550.0 008 051107s1959 it u000 u ita u 035 $a11067317 040 $aPUL(R)$bita 041 1 $aita$hfre 100 1 $aMonsterleet, Jean,$cS.I.$0(OLS)http://pul/name/57740 240 10$aEglise du Japon.$lItaliano.$0(OLS)http://pul/title/114882 245 10$aStoria della chiesa in Giappone dai tempi feudali ai nostri giorni :$bstoria e problemi missionari /$cdi Jean Monsterleet. 260 $aRoma :$bEdizini Paoline,$c1959. 300 $a252 p. ;$c19 cm 490 1 $aTempi e figure ;$v24 504 $aBibliografia in nota. 651 4$aGiappone$xReligione.$0(OLS)http://pul/subject/25169 830 0$aTempi e figure ;$v24.$0(OLS)http://pul/title/11436 850 $aPUL 852 $aPUL$W1$xDP1 Fondo Pastorale$y55$mP7 F 11$j112532$nBK-PRI$b $qFondi$B112532$CPULBib$Z2$F112532 $HPUL1580 $81 941 1 $a1 996 $6245$aStoria della chiesa in Giappone dai tempi feudali ai nostri giorni :$bstoria e problemi missionari$9(OLS)http://pul/title/114883 996 $6260$aRoma :$bEdizini Paoline$9(OLS)http://pul/publisher/77980 LEADER 01056nam a2200265 a 4500 001 000000150416 003 CaOOAMICUS 005 20160314131110.0 008 160314s1962 be u000 u fre r 032 $aLibriCat 040 $aPUL$bita 100 1 $aVanbergen, P.$0(OLS)http://pul/name/95770 245 10$aIndex des thèmes du Nouveau Testament /$cpar P. l'abbe P. Vanbergen. 260 $a[Bruges] :$bBiblica,$c1962. 300 $a353 p. ;$c23 cm. 490 1 $aParoisse et liturgie ;$v51 504 $aComprende indicazioni bibliografiche. 630 04$aBiblia.$pN.T.$xCritica e interpretazione.$0(OLS)http://pul/subject/1926 830 0$aParoisse et liturgie ;$v51.$0(OLS)http://pul/title/79022 850 $aPUL 852 $aPUL$W1$xDP1 Fondo Bordoni$y120$m3 M 20$j167896$qFondi$B174919$CPULBib$Z2$F174919 $HBor2190 $81 941 1 $a1 996 $6245$aIndex des thèmes du Nouveau Testament$9(OLS)http://pul/title/189542 996 $6260$a[Bruges] :$bBiblica$9(OLS)http://pul/publisher/77823